Fundamentals of data structures in C (Record no. 6360)
[ view plain ]
| 000 -LEADER | |
|---|---|
| fixed length control field | 00454nam a2200181Ia 4500 |
| 008 - FIXED-LENGTH DATA ELEMENTS--GENERAL INFORMATION | |
| fixed length control field | 230711s9999||||xx |||||||||||||| ||und|| |
| 020 ## - INTERNATIONAL STANDARD BOOK NUMBER | |
| International Standard Book Number | 978-81-7371-605-8 |
| 041 ## - LANGUAGE CODE | |
| Language code of text/sound track or separate title | ENG |
| 082 ## - DEWEY DECIMAL CLASSIFICATION NUMBER | |
| Classification number | 5.73 |
| Item number | HO-D |
| 100 ## - MAIN ENTRY--PERSONAL NAME | |
| Personal name | Horowitz,Ellis |
| 245 #0 - TITLE STATEMENT | |
| Title | Fundamentals of data structures in C |
| 250 ## - EDITION STATEMENT | |
| Edition statement | 2nd Ed. |
| 260 ## - PUBLICATION, DISTRIBUTION, ETC. | |
| Date of publication, distribution, etc. | 2008 |
| Place of publication, distribution, etc. | New Delhi |
| Name of publisher, distributor, etc. | Universities Press |
| 300 ## - PHYSICAL DESCRIPTION | |
| Extent | 617p. |
| 650 ## - SUBJECT ADDED ENTRY--TOPICAL TERM | |
| Topical term or geographic name entry element | Computer Engineering |
| 700 ## - ADDED ENTRY--PERSONAL NAME | |
| Personal name | Sahni,Sartaj |
| 942 ## - ADDED ENTRY ELEMENTS (KOHA) | |
| Koha item type | Book |
| Withdrawn status | Lost status | Damaged status | Not for loan | Collection | Home library | Current library | Date acquired | Source of acquisition | Cost, normal purchase price | Inventory number | Total checkouts | Full call number | Barcode | Date last seen | Price effective from | Koha item type | Date last checked out |
|---|---|---|---|---|---|---|---|---|---|---|---|---|---|---|---|---|---|
| MRSPTU Central Library | MRSPTU Central Library | Krishna Book Distributors | 425.00 | KBD/2016-2017/960642808 | 5.73 HO-D | 36945 | 08/17/2023 | 08/17/2023 | Book | ||||||||
| MRSPTU Central Library | MRSPTU Central Library | Krishna Book Distributors | 425.00 | KBD/2016-2017/960642808 | 5.73 HO-D | 36946 | 08/17/2023 | 08/17/2023 | Book | ||||||||
| MRSPTU Central Library | MRSPTU Central Library | Krishna Book Distributors | 425.00 | KBD/2016-2017/960642808 | 5.73 HO-D | 36947 | 08/17/2023 | 08/17/2023 | Book | ||||||||
| MRSPTU Central Library | MRSPTU Central Library | Krishna Book Distributors | 425.00 | KBD/2016-2017/960642808 | 1 | 5.73 HO-D | 36948 | 12/10/2025 | 08/17/2023 | Book | 10/30/2025 | ||||||
| MRSPTU Central Library | MRSPTU Central Library | Krishna Book Distributors | 425.00 | KBD/2016-2017/960642808 | 4 | 5.73 HO-D | 36949 | 03/05/2024 | 08/17/2023 | Book | 11/17/2023 | ||||||
| MRSPTU Central Library | MRSPTU Central Library | Krishna Book Distributors | 425.00 | KBD/2016-2017/960642808 | 5.73 HO-D | 36950 | 08/17/2023 | 08/17/2023 | Book | ||||||||
| MRSPTU Central Library | MRSPTU Central Library | Krishna Book Distributors | 425.00 | KBD/2016-2017/960642808 | 1 | 5.73 HO-D | 36951 | 09/08/2025 | 08/17/2023 | Book | 08/13/2025 | ||||||
| MRSPTU Central Library | MRSPTU Central Library | Krishna Book Distributors | 425.00 | KBD/2016-2017/960642808 | 5.73 HO-D | 36952 | 08/17/2023 | 08/17/2023 | Book | ||||||||
| MRSPTU Central Library | MRSPTU Central Library | Krishna Book Distributors | 425.00 | KBD/2016-2017/960642808 | 2 | 5.73 HO-D | 36953 | 03/05/2024 | 08/17/2023 | Book | 12/07/2023 | ||||||
| MRSPTU Central Library | MRSPTU Central Library | Krishna Book Distributors | 425.00 | KBD/2016-2017/960642808 | 5.73 HO-D | 36954 | 08/17/2023 | 08/17/2023 | Book |
